000
00299nam a22001217a 4500
008
160526b xxu||||| |||| 00| 0 eng d
020
_a
9780397548439
020
_a
0397548435
041
_a
eng
080
_a
615
245
_a
Introductory clinical pharmacology:
_c
Jeanne C. Scherer;
942
_2
udc
_c
BK
999
_c
2434
_d
2434